| 000 | 00483nam a22001577a 4500 | ||
|---|---|---|---|
| 999 |
_c60672 _d60672 |
||
| 005 | 20231005150249.0 | ||
| 008 | 231005s1988 enk||||| |||| 00| 0 eng d | ||
| 020 | _a089236081X | ||
| 041 | _aeng | ||
| 080 | _a069 The-44 | ||
| 245 | _aThe J. Paul Getty Museum Guide to the Villa and Its Gardens. | ||
| 264 |
_aMalibu, _c1988. |
||
| 300 |
_a70 p.: _bill.; _c24 cm. |
||
| 653 | _aჯ.პოლ გეტის მუზეუმის გზამკვლევი | ||
| 942 |
_2udc _cBK |
||